000 00565nam a2200181Ia 4500
008 090124s9999 xx 000 0 und d
082 _b7908
100 _aकालेलकर मधुसूदन
245 _a नाथ हा माझा
250 _a1
260 _bरंजन प्रकाशन
_c1976
300 _a92
600 _aकालेलकर मधुसूदन
630 _a नाथ हा माझा
700 _aकालेलकर मधुसूदन
730 _a नाथ हा माझा
942 _cBOOK
999 _c84980
_d84980